Sports Quiz

Random Sports Quiz

Name the team by their quarterback Quiz Stats

 Plays Quiz not verified by Sporcle

Score 0/32 Timer 10:00
0 Plays Today
quarterback Answer % Correct
Eli manningGiants
100%
Andrew luckColts
100%
Russel wilsonSeahawks
97.3%
Robert griffin IIIRedskins
97.3%
Derick carrRaiders
97.3%
Aaron rodgersPackers
97.3%
Drew breesSaints
97.3%
Joe flaccoRavens
94.6%
Colin kaepernick49ers
94.6%
Cam newtonPanthers
94.6%
Philip riversChargers
91.9%
Nick folesEagles
91.9%
Ryan fitzpatrickTexans
89.2%
Austin davisRams
89.2%
Tom bradyPatriots
89.2%
Andy daltonBengals
86.5%
quarterback Answer % Correct
Matthew staffordLions
86.5%
Johnny manzielBrowns
86.5%
Josh mccownBuccaneers
86.5%
Micheal vickJets
86.5%
Carson palmerCardinals
86.5%
Ryan tannehillDolphins
86.5%
Tony romoCowboys
86.5%
Ben roethlisbergerSteelers
83.8%
Matt ryanFalcons
83.8%
EJ manuelBills
81.1%
Jake lockerTitans
81.1%
Teddy bridgewaterVikings
81.1%
Blake bortlesJaguars
73%
Chase danielChiefs
64.9%
Peyton manningColts & Broncos
45.9%
Jay cutlerBears & Broncos
45.9%

You're not logged in!

Compare scores with friends on all Sporcle quizzes.
OR
Log In

Sporcle TV

Today on Sporcle TV


Watch our educational content, quiz creation guides, and fun videos on Sporcle TV.

Show Comments

Extras

Created Dec 21, 2014ReportNominate
Tags:team

Top Quizzes Today


Score Distribution

Your Account Isn't Verified!

In order to create a playlist on Sporcle, you need to verify the email address you used during registration. Go to your Sporcle Settings to finish the process.

Report this User

Report this user for behavior that violates our Community Guidelines.

Details: